Estatísticas para Cinco países mais frios de cada continente

Clique aqui para jogar o quiz

Estatísticas Gerais

  • Esse quiz foi jogado 199 vezes
  • A pontuação média é 22 de 30

Estatísticas das Respostas

HintResposta% Correto
15.4Argentina
98%
-4.5Canadá
98%
9.3Chile
97%
9.3Estados Unidos da América
97%
-3.8Rússia
97%
-3.8Rússia
97%
18.0Uruguai
96%
19.9Peru
95%
22.1Austrália
94%
11Nova Zelândia
94%
21.8México
93%
21.4Bolívia
92%
2.7Noruega
91%
3.4Suécia
91%
2.6Finlândia
90%
18.5África do Sul
87%
2.3Islândia
87%
0.8Mongólia
78%
25.2Fiji
70%
25.2Papua-Nova Guiné
62%
24.2Guatemala
60%
12.2Lesoto
60%
24.9Honduras
55%
24.8Vanuatu
55%
5.7Butão
48%
2.6Tajiquistão
42%
20.2Marrocos
41%
2.8Quirguistão
36%
18.5Ruanda
17%
20.1Burundi
13%

Distribuição das Pontuações

Percentil de Números Respondidos

Porcentagem de Pessoas com Cada Pontuação

Sua Pontuação Histórica

Você não jogou esse quiz